Encofrados para estructuras de hormigón

Bibliographic Details
Main Author: Peurifoy, R.L.
Format: Section = Libro
Language:Undetermined
Spanish
Published: México McGraw-Hill 1970
Subjects:
LEADER 00538nam a2200193Ia 4500
008 240829s9999 xx 000 0 und d
020 |a 968-451-226-0 
040 |a BIBLIOTECA-RUPAP 624.1571 P514 
041 |a spa 
082 |a 624.1571 P514 
100 1 |a Peurifoy, R.L. 
245 1 0 |a Encofrados para estructuras de hormigón 
260 |a México  |b McGraw-Hill  |c 1970 
300 |a 344 p. :il. 
650 7 |a CONSTRUCCIONES DE HORMIGON-ENCOFRADO 
650 7 |b  DISEÑO DE ESTRUCTURA. I. Tít. 
942 |c BK  |2 ddc 
991 |a TEXTO 
999 |c 9476